000
00237nam a2200097Ia 4500
008
240625s9999 xx 000 0 und d
041
_a
eng
082
_a
808.20 SIN
100
_a
SINGH PRANAV
245
_a
SALES ANALYSIS FOR CONSUMER BUSINESS
999
_c
36224
_d
36224